Southville International School and Colleges
Your cart is empty.
  • Cart
  • Lists
    Public lists Eva Luna New books Lux_list list_1
    Your lists Log in to create your own lists
  • Log in to your account
  • Your cookies
  • Search history
Southville International School and Colleges
  • Advanced search
  • Recent comments
  • Most popular
  • Libraries

Log in to your account

Log in with GOOGLE


If you do not have an external account, but do have a local account, you can still log in:

  1. Home
  2. MARC view: How to become a confident winner :
Normal view MARC view ISBD view

How to become a confident winner : (Record no. 102887)

[ view plain ]
MARC details
000 -LEADER
fixed length control field 00484nam a2200169 a 4500
005 - DATE AND TIME OF LATEST TRANSACTION
control field 20140412111245.0
008 - FIXED-LENGTH DATA ELEMENTS--GENERAL INFORMATION
fixed length control field 010809s19uu xx 00 eng d
020 ## - INTERNATIONAL STANDARD BOOK NUMBER
International Standard Book Number 971-785-015-1
050 ## - LIBRARY OF CONGRESS CALL NUMBER
Classification number TR(GS 158.1
Item number P865 1999
100 ## - MAIN ENTRY--PERSONAL NAME
Personal name Pound, Harry D.
245 ## - TITLE STATEMENT
Title How to become a confident winner :
Remainder of title you can do it! /
Statement of responsibility, etc Harry D. Pound.
260 ## - PUBLICATION, DISTRIBUTION, ETC. (IMPRINT)
Place of publication, distribution, etc Manila, Philippines :
Name of publisher, distributor, etc [s.n.],
Date of publication, distribution, etc 1999.
300 ## - PHYSICAL DESCRIPTION
Extent 32p.
650 ## - SUBJECT ADDED ENTRY--TOPICAL TERM
Topical term or geographic name as entry element Positive thinking
650 ## - SUBJECT ADDED ENTRY--TOPICAL TERM
Topical term or geographic name as entry element Quotations
Holdings
Withdrawn status Lost status Damaged status Home library Current library Shelving location Date acquired Source of acquisition Total Checkouts Full call number Barcode Date last seen Price effective from Koha item type
      Elizalde Library Elizalde Library Teachers Reference Section 08/09/2001     TR(GS 158.1 P865 1999 E3082 04/12/2014 04/12/2014 Books

How to become a confident winner :

APA

Pound H. D., . (1999). How to become a confident winner. Manila, Philippines: [s.n.].

Chicago

Pound Harry D, . 1999. How to become a confident winner. Manila, Philippines: [s.n.].

Harvard

Pound H. D., . (1999). How to become a confident winner. Manila, Philippines: [s.n.].

MLA

Pound Harry D, . How to become a confident winner. Manila, Philippines: [s.n.]. 1999.

  • Place hold
  • Print
  • Cite
  • Add to your cart (remove)
  • Save record
    BIBTEX Dublin Core MARCXML MARC (non-Unicode/MARC-8) MARC (Unicode/UTF-8) MARC (Unicode/UTF-8, Standard) MODS (XML) RIS
  • More searches
    Search for this title in:
    Other Libraries (WorldCat) Other Databases (Google Scholar) Online Stores (Bookfinder.com) Open Library (openlibrary.org)

Exporting to Dublin Core...

SOUTHVILLE LIBRARY

Southville International School and Colleges Library

1281 Tropical Ave. Cor. Luxembourg St., BF Homes International, Las Pinas City

Tel. No. 8256374 / 252358 Loc. 117/146

Powered by Koha